| 000 | 00542nam a22001817a 4500 | ||
|---|---|---|---|
| 003 | CEME | ||
| 005 | 20210628203626.0 | ||
| 008 | 210203b xxu||||| |||| 00| 0 eng d | ||
| 020 | _a0-8031-1391-9 | ||
| 040 | _c. | ||
| 082 | _a625.8 SUR | ||
| 100 |
_aMeyer, W.E, Reichert, J _966617 |
||
| 245 | _aSurface characteristics fo roadways international research and technologies | ||
| 260 |
_aNEW YORK _c1990 |
||
| 300 | _a581P | ||
| 650 |
_aPAVEMENTS- SURFACES- CONGRESSES, PAVEMENTS -SKID RESISTANCE- CONGRESSES, _966618 |
||
| 942 |
_cBK _2ddc |
||
| 999 |
_c574555 _d574555 |
||